000
00307nam a2200145Ia 4500
008
230917s9999||||xx |||||||||||||| ||und||
020
_c
RS15
040
_e
191838
_a
MAIN
041
_a
English
082
_a
l891.4391128
100
_a
Manzur, Hakim
245
0
_a
Natmaan
260
_c
1977
942
_c
BK
999
_c
215069
_d
215069